000 00305nam a2200121Ia 4500
008 230907s9999||||xx |||||||||||||| ||und||
082 _a512.9
_bAUF
100 _aAufmann, Richard N.
_9116112
245 0 _aPrealgebra /
300 _a650 p. (various pagings) :
650 _aTextbooks.
_98511
942 _cBK
999 _c601084
_d601084